| 000 | 00690nam a2200253Ia 4500 | ||
|---|---|---|---|
| 003 | OSt | ||
| 005 | 20220923225116.0 | ||
| 006 | a|||||r|||| 00| 0 | ||
| 007 | ta | ||
| 008 | 220922b |||||||| |||| 00| 0 hin d | ||
| 024 | _a257,491 | ||
| 037 | _cTextual | ||
| 040 |
_aARTS _cARTS _bhin |
||
| 041 |
_2hin _ahin |
||
| 082 | _aZ1, 152L3 | ||
| 100 | _aशर्मा | ||
| 245 | 0 | _aअन्तर्राष्ट्रीय कानून | |
| 246 | _aAntarrāṣhṭrīya kānūna | ||
| 260 | _c1973 | ||
| 300 |
_a795पृ. _ccm. |
||
| 650 | _aभारतीय कानून | ||
| 942 |
_hZ1, 152L3 _cTEXL _2CC |
||
| 999 |
_c376126 _d376126 |
||